Every shell shock live weapon - Statistics

General Stats
  • This quiz has been taken 19 times
  • The average score is 227 of 442
Answer Stats
Answer % Correct
AK-47
86%
Area Strike
86%
Back-Groller
86%
Back-Roller
86%
Big Shot
86%
Boulder
86%
Bouncy Ball
86%
Breaker
86%
Desert
86%
Desert Eagle
86%
Double-Breaker
86%
Five-Bounce
86%
Glock
86%
Groller
86%
Helicopter Strike
86%
Laser Beam
86%
Massive Shot
86%
MegaNuke
86%
MegaTunneler
86%
Napalm
86%
Nuke
86%
One-Bounce
86%
Quicksand
86%
Roller
86%
Seven-Bounce
86%
Shot
86%
Smart Snipe
86%
Sniper
86%
Splitter
86%
Stone
86%
Sub-Sniper
86%
Super Ball
86%
Three-Bounce
86%
Tsunami
86%
Tunneler
86%
Wall
86%
2012
71%
AC-130
71%
Air Strike
71%
Arrow
71%
Baby Seagull
71%
Big Bulger
71%
Blaze
71%
Bolt
71%
Bounder
71%
Bow & Arrow
71%
BreakerChain
71%
Builder
71%
Bulger
71%
Bullfrog
71%
Carpet Bomb
71%
Cat
71%
Cats and Dogs
71%
Crazyballs
71%
Dead Weight
71%
Digger
71%
Division
71%
Double Bounder
71%
Double-Splitter
71%
Earthquake
71%
Eleven-Ball
71%
Fiesta
71%
Five-Ball
71%
Flame
71%
Flasher
71%
Flattener
71%
Flying-V
71%
Fountain
71%
Frogs
71%
Grenade
71%
Hail
71%
Heavy Back-Roller
71%
Heavy Napalm
71%
Heavy Roller
71%
Kittens
71%
Lightning
71%
M4
71%
Mage
71%
Magnets
71%
Mama Seagull
71%
MegaBuilder
71%
Mega-Digger
71%
Mini-V
71%
MP5
71%
Ninja
71%
Orbitals
71%
Pepper
71%
Pinata
71%
Portal Gun
71%
Rain
71%
Salt and Pepper
71%
Seagull
71%
Shooting Star
71%
Shotgun
71%
Sillyballs
71%
Sinkhole
71%
Skeet
71%
Snowball
71%
Snowstorm
71%
Sparkler
71%
SplitterChain
71%
Sprinkler
71%
Sprouter
71%
StarFire
71%
Stream
71%
Summoner
71%
Super-Breaker
71%
SuperCat
71%
Super-Splitter
71%
Three Ball
71%
Throwing Star
71%
Torpedoes
71%
Triple Bounder
71%
Twinkler
71%
Volcano
71%
Wackyballs
71%
Acid Rain
57%
Area Attack
57%
Artillery
57%
Asteroids
57%
Beacon
57%
Bee Hive
57%
Blossom
57%
Bounsplode
57%
Bouquet
57%
BreakerMadness
57%
BreakerMania
57%
Cactus
57%
Carpet Fire
57%
Cobra
57%
Confuser
57%
Construction
57%
Counter 3000
57%
Counter 4000
57%
Counter 5000
57%
Counter 6000
57%
Crazy Cluster
57%
Creek
57%
Daddy Longlegs
57%
Dagger
57%
Darkshadow
57%
Dead Riser
57%
Disco Ball
57%
Double-Bounsplode
57%
Double Palm
57%
Double Zipper
57%
Driller
57%
Early Bird
57%
Eruption
57%
Express
57%
Fireworks
57%
Flaming Arrow
57%
Fleet
57%
Flower
57%
Fortress
57%
Funnel
57%
Ghost Bomb
57%
Ghostlets
57%
God Rays
57%
Goldfish
57%
Grand Finale
57%
Great Beam
57%
Guppies
57%
Heavy Hover-Ball
57%
Hover-Ball
57%
Imploder
57%
Jackpot
57%
Jumper
57%
Kamikaze
57%
Lottery
57%
M16
57%
M9
57%
Mad Birds
57%
Master Beam
57%
Mega-Confuser
57%
Mega-Pixel
57%
Mega-Quake
57%
Minions
57%
Moons
57%
Multi-Nade
57%
O Attack
57%
Oddball
57%
P90
57%
Palm
57%
Payload
57%
Penetrator
57%
Penetrator v2
57%
Permaroller
57%
Pinpoint
57%
Pixel
57%
Popcorn
57%
Pyrotechnics
57%
Python
57%
RapidFire
57%
River
57%
Satellite
57%
Saw Blade
57%
Shadow
57%
Shank
57%
ShockShell
57%
ShockShell Trio
57%
Shockwave
57%
Slammer
57%
Snake
57%
Solar Flare
57%
Sonar
57%
Spider
57%
Sticky Bomb
57%
Sticky Rain
57%
Sticky Trio
57%
Sunburst
57%
Sunflower
57%
Super-Confuser
57%
Super-Pixel
57%
Sword
57%
Synclets
57%
Tangent Fire
57%
Train
57%
Tri-Nade
57%
Triple-Bounsplode
57%
Triple Palm
57%
Tunnel Strike
57%
TwentyFive-Ball
57%
Ultimate Imploder
57%
Ultra Beam
57%
Wacky Cluster
57%
Wasps
57%
X Attack
57%
Zipper
57%
2x3D
43%
3D-Bomb
43%
3x3D
43%
Acid Hail
43%
ASHPD
43%
Attractoids
43%
Banana
43%
Banana Split
43%
Battering Ram
43%
Black Hole
43%
Blunderbuss
43%
Boomerang
43%
Burnt Popcorn
43%
Cactus Strike
43%
Cayenne
43%
CensorBar
43%
Clover
43%
Cosmic Rift
43%
Crackler
43%
Deceiver
43%
Deity
43%
Diamond Blade
43%
Displacement Bomb
43%
Dolla Bills
43%
Double Ram
43%
Double-Ram-Squad
43%
Drone
43%
Dual Needler
43%
Early Worm
43%
Enlister
43%
Excavation
43%
Fighter Jet
43%
Fireball
43%
FireStorm
43%
Flintlock
43%
Flurry
43%
Four Leaf Clover
43%
French Kiss
43%
Fury
43%
Gatling Gun
43%
Ghouls
43%
Gravies
43%
Gravits
43%
Grenade Storm
43%
Groovy Ball
43%
Health Aura
43%
Heavy Drone
43%
Heavy Fleet
43%
Heavy Jet
43%
HeavyPermaroller
43%
Heavy Ringer
43%
Heavy Shot
43%
Horizon
43%
Inferno
43%
Jack-o-Lantern
43%
Kernel
43%
Kiss
43%
Large Potion
43%
Lidar
43%
Livid Birds
43%
Make-It-Rain
43%
Many-Minions
43%
Mega-Jackpot
43%
MegaRainbow
43%
Mine Layer
43%
Mini-Turret
43%
Minnows
43%
Molehill
43%
Moles
43%
Needler
43%
Needles
43%
Oddbomb
43%
Olympic Ringer
43%
Olympic Skeet
43%
Partition
43%
Pinger
43%
Pins and Needles
43%
Puzzler
43%
Radar
43%
Rage
43%
Rainbow
43%
Rampage
43%
Ram-Squad
43%
Rave
43%
RedactedBar
43%
Ringer
43%
Riot
43%
Rip Saw
43%
Rocket Fire
43%
Sausage
43%
Scavengers
43%
Shrapnel
43%
Skeleton
43%
Small Potion
43%
Spaz
43%
Spaztastic
43%
Spazzer
43%
Spiker
43%
Squadron
43%
Strobie
43%
Super Fleet
43%
Sweeper
43%
Tadpoles
43%
Tangent Attack
43%
Tarantula
43%
Travelers
43%
Triple-Jumper
43%
TurretMob
43%
UFO
43%
Ultra-Jackpot
43%
Ultra-Pixel
43%
UZI
43%
Wanderer
43%
Water Balloon
43%
Water Fight
43%
Water Trio
43%
Waterworks
43%
Wicked Witch
43%
Yin Yang
43%
Yin Yang Yong
43%
Zipper Quad
43%
Apache
29%
Banana Bunch
29%
Beaconator
29%
BigBoomerang
29%
Black Widow
29%
Botherer
29%
Bounstrike
29%
Bratwurst
29%
Burst-Fire
29%
Chicken-Fling
29%
Chopper
29%
Chunker
29%
Chunklet
29%
Concealed Blade
29%
CropDuster
29%
Deathshadow
29%
Double Wanderer
29%
Dual-Roller
29%
Enroller
29%
Fat Stacks
29%
Furious Birds
29%
Health AuraPlus (+)
29%
Health AuraPlusPlus (++)
29%
Heavy Taser
29%
Helianthus
29%
Hexagon
29%
Hidden Blade
29%
Homing Rockets
29%
Huge Potion
29%
Jammer
29%
Kielbasa
29%
Killer Bees
29%
Kooky Cluster
29%
Magic Shower
29%
Medium Potion
29%
Mini-Pinger
29%
NoxiousDuster
29%
Octagon
29%
Paprika
29%
Ping Flood
29%
Punisher
29%
RestrictedBar
29%
Rocker
29%
Rocket Cluster
29%
Secret Blade
29%
Shredders
29%
SkullShot
29%
Smooch
29%
Sonic Pulse
29%
Spotter
29%
Spreader
29%
Square
29%
Squawker
29%
Static
29%
Static Chain
29%
Static Link
29%
Suicide Bomber
29%
SuperSpiker
29%
Super-Synclets
29%
Taser
29%
Tormentor
29%
Triple Wanderer
29%
Tweeter
29%
Witches Broom
29%
Woofer
29%
Asteroid Storm
14%
Baffler
14%
BFG-1000
14%
BFG-9000
14%
Bounstream
14%
Bumper Array
14%
Bumper Assault
14%
Bumper Bombs
14%
Chicken-Hurl
14%
Chicken-Launch
14%
Comets
14%
Homing Missile
14%
Incendiary Bombs
14%
Jack-o-Vomit
14%
Jiver
14%
Multi-Star
14%
Pentagram
14%
Pentaslam
14%
PongSlam
14%
Recruiter
14%
Relocator
14%
Spotter XL
14%
Spotter XXL
14%
Tangent Assault
14%
ToxicDuster
14%
Bounstorm
0%
PyroSlam
0%
No matching quizzes found
Score Distribution
Percent of People with Each Score
Percentile by Number Answered
Your Score History
You have not taken this quiz